Zaklínač V Krst ohňom /
Dryády dokázali zázraky a vyliečili Geraltovo zlomené telo. Rany na jeho duši však bolestivo tepú, keď precitne do sveta bez Ciri. Napriek nevôli dryád sa s novou spoločníčkou unáhlene vydáva na neistú záchrannú výpravu. Samotársky zaklínač by najradšej putoval sám, no cesta ho zvedie dokopy s tými...
Uloženo v:
| Série: | Zaklínač (SK),
část 5 |
|---|---|
| Hlavní autor: | |
| Médium: | E-kniha |
| Jazyk: | Czech |
| Vydáno: |
Praha :
Albatros Media Slovakia s.r.o.,
2023
|
| Příbuzné jednotky: | Z cyklu::
Zaklínač (SK) |
| Tagy: |
Žádné tagy |
| LEADER | 01527nam a22002417i 4500 | ||
|---|---|---|---|
| 001 | 311931 | ||
| 007 | ta | ||
| 008 | 260601s2023 xr ||||| |||| 00| 0 cze d | ||
| 020 | |a 9788056626009 | ||
| 044 | |a xr | ||
| 100 | 1 | |a Sapkowski, Andrzej |4 aut | |
| 245 | 1 | 0 | |a Zaklínač V Krst ohňom / |c Sapkowski, Andrzej |
| 240 | 1 | 0 | |a Chrzest ognia |
| 264 | 1 | |a Praha : |b Albatros Media Slovakia s.r.o., |c 2023 | |
| 300 | |a 1 online zdroj (368 stran) | ||
| 336 | |a text |b txt |2 rdacontent | ||
| 337 | |a bez média |b n |2 rdamedia | ||
| 338 | |a online zdroj |b cr |2 rdacarrier | ||
| 520 | 2 | |a Dryády dokázali zázraky a vyliečili Geraltovo zlomené telo. Rany na jeho duši však bolestivo tepú, keď precitne do sveta bez Ciri. Napriek nevôli dryád sa s novou spoločníčkou unáhlene vydáva na neistú záchrannú výpravu. Samotársky zaklínač by najradšej putoval sám, no cesta ho zvedie dokopy s tými najneočakávanejšími kumpánmi. Prebrodia sa vojnou zdevastovanou krajinou k Ciri včas alebo dievča zhltnú nemilosrdné hry osudu? | |
| 787 | 0 | 8 | |g 5 |i Z cyklu: |t Zaklínač (SK) |
| 910 | |a RBIT002 | ||
| 998 | |d 375670 |a https://core.palmknihy.cz/api/books/375670/cover?si5blj |b https://core.palmknihy.cz/api/books/375670/cover/400?si5blj |c https://core.palmknihy.cz/api/books/375670/cover/50?si5blj |e 2029-12-31 |g 368 |i 9788056626009 |j https://core.palmknihy.cz/api/books/375670/preview.epub |k https://core.palmknihy.cz/api/books/375670/preview.pdf |l |q 49 |r 1 |s https://www.palmknihy.cz/kniha/375670 |t ebook |y 2023 |z 1 |v Zaklínač (SK) |w 5 | ||
| 999 | |d 311929 | ||